00536 2200205 4500001002100000005001700021008004100038020002200079035002400101082000800125090001700133100001400150245003500164250001100199260004200210300002500252650001400277850001200291990002700303YOGYA-1011000000028120111016175858.0 ind  a978-979-27-4297-8 0010-101100000000280 a770 aQ 770bAdi L aADI MODEL aLighting for beautycAdi Model aCet. 1 aJakartabElex Media Komputindoc2009. a149 hlmbilusc26 cm aFotografi aYOPDYOG a272 - 274 - PD/B.11b3